| 000 | 00974naa a2200277 c 4500 | ||
|---|---|---|---|
| 001 | 35547 | ||
| 003 | ES-MaCES | ||
| 005 | 20051027111400.0 | ||
| 008 | 051027n2005 fr t 000 | fre d | ||
| 035 | _aCES20050010360v | ||
| 040 |
_aES-MaCES _bspa _cES-MaCES |
||
| 100 | 1 |
_aSoupizet, Jean-François _924333 |
|
| 245 | 1 | 3 |
_aLe Sommet mondial sur la société de l'information _b: Bilan de Genève et perspectives pour Tunis _cJean-François Soupizet |
| 500 | _aResumen | ||
| 650 | 4 |
_aconferencia _927013 |
|
| 650 | 4 |
_aplan de acción _930406 |
|
| 650 | 4 |
_adesarrollo regional _929186 |
|
| 650 | 4 |
_aInternet _930572 |
|
| 650 | 4 |
_anuevas tecnologías _930788 |
|
| 650 | 4 |
_atecnología de la información _930104 |
|
| 653 | 1 | 0 | _aTransporte-Comunicaciones |
| 773 | 0 |
_tFuturibles _gnº 312 (oct. 2005){10324 R. 062211}; p. 39-52 _w(ES-MaCES)25335 _951802 |
|
| 902 | _aART Artículo de revista | ||
| 942 |
_2CES _cAR _h5.2. |
||
| 999 |
_c35547 _d35547 |
||